Statistiques concernant Culture Générale - Série 2369

Cliquez ici pour prendre le quiz!

Statistiques générales

  • Ce quiz a été pris 50 fois
  • Le résultat moyen est 5 sur 10

Statistiques - réponses

QuestionRéponse% Correct
Dans les rencontres internationales d'escrime, dans quelle langue se fait toujours l'arbitrage ?français
98%
Quel animal hurle ou ricane ? voir photohyène
90%
Quelle rivière passe à Chartres (28) ?Eure
73%
Quel anglicisme de 2 mots désigne une prostituée que l'on appelle par téléphone ?call-girl
69%
Ensemble confus, hétéroclite (de choses sans valeur, sans intérêt) - 6 lettres commençant par " f "fatras
38%
Dans Dom Juan ou le Festin de Pierre (1665), quel nom porte le valet de Don Juan ?Sganarelle
35%
Lèvre inférieure épaisse et proéminente (littéraire) - 5 lettreslippe
33%
Dans quel département français se trouve la ville de Gien ?Loiret
31%
Quel anglicisme de 2 mots désigne une femme dont la photo figure sur la couverture d'un magazine ? Elle peut être un mannequin, une célébrité ou une artiste .cover-girl
25%
Quelle ville de l'Hérault est surnommée parfois « la perle noire de la Méditerranée » à cause de ses monuments construits en pierre basaltique ?Agde
21%

Distribution des résultats

Percentile par nombre de réponses

% des personnes avec chaque résultat

Votre développement - résultats

Vous n’avez pas pris ce quiz